000 00286nam a2200121Ia 4500
008 190216s9999||||xx |||||||||||||| ||und||
100 _aLeeladhar Mandoi
245 0 _aHindi-Yek Bahuth Komal Than
260 _bAnthika Prakashan
_c2010
300 _a128
650 _aHindi
942 _cBK
999 _c16791
_d16791